Stranger Things, name the actors! - Statystyki

Ogólne statystyki
  • Ten quiz został rozwiązany 76 razy
  • Średni wynik to 11 z 24
Statystyki odpowiedzi
Hint Odpowiedź % Poprawnych
Jane Hopper Millie Bobby Brown
93%
Robin Buckley Maya Hawke
75%
Joyce Byers Winona Ryder
75%
Mike Wheeler Finn Wolfhard
74%
Will Byers Noah Schnapp
74%
Max Mayfield Sadie Sink
70%
Jim Hopper David Harbour
61%
Nancy Wheeler Natalia Dyer
61%
Jonathan Byers Charlie Heaton
51%
Dustin Henderson Gaten Matarazzo
48%
Lucas Sinclair Caleb McLaughlin
46%
Steve Harrington Joe Keery
44%
Karen Wheeler Cara Buono
41%
Holly Wheeler Nell Fisher
39%
Eddie Munson Joseph Quinn
38%
Erica Sinclair Priah Ferguson
36%
Henry Creel Jamie Campbell Bower
31%
Billy Hargrove Dacre Montgomery
28%
Murray Bauman Brett Gelman
18%
Suzie Bingham Gabriella Pizzolo
18%
Argyle Franco Eduardo Franco
16%
Derek Turnbow Jake Connelly
16%
Vickie Dunne Amybeth McNulty
13%
Kali Prasad Linnea Berthelsen
7%
Nie znaleziono quizów pasujących do podanych kryteriów
Rozkład punktacji
Procent ludzi z każdym wynikiem
Percentyl według liczby udzielonych odpowiedzi
Twoja historia wyników
Nie rozwiązałeś tego quizu